La vuelta al mundo del "Navegante solitario" / (Record no. 71661)

MARC details
000 -LEADER
campo de control de longitud fija 00684nam a2200181 i 4500
001 - NÚMERO DE CONTROL
campo de control 71661
003 - IDENTIFICADOR DE NÚMERO DE CONTROL
campo de control ES-MaACL
005 - FECHA Y HORA DE LA ÚLTIMA TRANSACCIÓN
campo de control 20230906171206.0
007 - CAMPO FIJO DE DESCRIPCIÓN FÍSICA--INFORMACIÓN GENERAL
campo de control de longitud fija t|
008 - DATOS DE LONGITUD FIJA--INFORMACIÓN GENERAL
campo de control de longitud fija 040817s1930 sp ||||1| spa d
100 1# - ENTRADA PRINCIPAL--NOMBRE DE PERSONA
Nombre de persona Gerbault, Alain.
9 (RLIN) 56420
245 13 - MENCIÓN DEL TÍTULO
Título La vuelta al mundo del "Navegante solitario" /
Mención de responsabilidad, etc. por Alain Gerbault ; versión española por A. Bou.
260 ## - PUBLICACIÓN, DISTRIBUCIÓN, ETC.
Lugar de publicación, distribución, etc. Barcelona :
Nombre del editor, distribuidor, etc. José Montesó,
Fecha de publicación, distribución, etc. 1930.
300 ## - DESCRIPCIÓN FÍSICA
Extensión 3 v. :
Otras características físicas il. ;
Dimensiones 20 cm.
505 8# - NOTA DE CONTENIDO CON FORMATO
Nota de contenido con formato Contiene: T.I: Solo a través del Atlántico. -- T.II: En persecución del sol: (de Nueva York a Tahití). -- T.III: En ruta de regreso: (de Tahití a Francia)
700 1# - ENTRADA AGREGADA--NOMBRE PERSONAL
Nombre de persona Bou, A.
9 (RLIN) 30812
852 ## - LOCALIZACIÓN
Ubicación ES-MaACL
Número de control de estantería A-782-84
Holdings
Estatus retirado Estado de pérdida Estado de daño No para préstamo Biblioteca de origen Biblioteca actual Ubicación en estantería Fecha de adquisición Fuente de adquisición Total de préstamos Signatura topográfica completa Código de barras Visto por última vez Precio de reemplazo Tipo de ítem Koha
        Biblioteca del Ateneo de Madrid Biblioteca del Ateneo de Madrid Sala Pecera Planta 1 17/01/2008     A-782-84 1075023 23/02/2023 23/02/2023 Libro impreso